[Event "Memorialul Radulescu"]
[Site "?"]
[Date "2000.??.??"]
[Round "?"]
[White "Pomarleanu, Ana Daniela"]
[Black "Gilea, Lucian"]
[Result "0-1"]
[WhiteElo "2085"]
[BlackElo "1785"]
[PlyCount "46"]
[EventDate "2000.??.??"]
[Source "b/signature.htm"]
[SourceDate "3188127.01.02"]

1. Nf3 e6 2. g3 b6 3. Bg2 Bb7 4. c4 Nf6 5. O-O Be7 6. d4 O-O 7. Nc3 Ne4 8. Qc2
Nxc3 9. bxc3 d5 10. Ne5 Qc8 11. cxd5 exd5 12. Qb3 c6 13. a4 Nd7 14. Bh3 f5 15.
Nxd7 Qxd7 16. e4 Ba6 17. Bxf5 Rxf5 18. exf5 Bxf1 19. Kxf1 Qxf5 20. Ra2 Qf3 21.
Kg1 Re8 22. Be3 Bg5 23. Ra1 Rxe3 0-1

[Event "Revelion"]
[Site "?"]
[Date "1999.??.??"]
[Round "?"]
[White "Bogdan , Dan"]
[Black "Gilea, Lucian"]
[Result "1-0"]
[WhiteElo "2365"]
[BlackElo "1785"]
[PlyCount "99"]
[EventDate "1999.??.??"]
[Source "b/signature.htm"]
[SourceDate "3188127.01.02"]

1. d4 Nf6 2. Nf3 e6 3. g3 d5 4. Bg2 b6 5. c4 Bb7 6. Ne5 Nbd7 7. Qa4 c6 8. Nxd7
Qxd7 9. Nc3 Be7 10. O-O O-O 11. Bg5 Rfd8 12. Rfd1 h6 13. Bxf6 Bxf6 14. e3 Be7
15. Rac1 a6 16. Qb3 b5 17. c5 a5 18. a3 Qc7 19. f4 Rab8 20. h3 Bc8 21. Qc2 Bd7
22. e4 Bf8 23. Rf1 Re8 24. Kh2 f5 25. e5 Be7 26. g4 Rf8 27. Nd1 g5 28. gxf5
exf5 29. Ne3 gxf4 30. Rxf4 Bg5 31. Rf3 Bxe3 32. Rxe3 Be6 33. Rf1 Rf7 34. Rf2 a4
35. Bf1 Kh7 36. Bd3 Qd7 37. Ref3 Rbf8 38. Qd2 Qd8 39. Qc2 Qd7 40. Rf4 Qc8 41.
h4 Qd7 42. Qe2 Rg7 43. Qh5 Rff7 44. R4f3 Qc8 45. Rg2 Rg8 46. Rxg8 Qxg8 47. Rg3
Rg7 48. Bxf5+ Bxf5 49. Qxf5+ Kh8 50. Qf6 1-0

[Event "Revelion"]
[Site "?"]
[Date "1999.??.??"]
[Round "?"]
[White "Catereniuc, Dragos"]
[Black "Gilea, Lucian"]
[Result "0-1"]
[WhiteElo "2195"]
[BlackElo "1785"]
[PlyCount "50"]
[EventDate "1999.??.??"]
[Source "b/signature.htm"]
[SourceDate "3188127.01.02"]

1. d4 c5 2. e3 Nf6 3. Nf3 e6 4. Bd3 d5 5. c3 Nc6 6. O-O Bd6 7. Nbd2 e5 8. dxe5
Nxe5 9. Nxe5 Bxe5 10. c4 O-O 11. Qc2 dxc4 12. Nxc4 Bc7 13. b3 Re8 14. Bb2 h6
15. Rad1 Qe7 16. Rfe1 Ng4 17. h3 Nf6 18. e4 Be6 19. Ne3 Rad8 20. Bxf6 Qxf6 21.
Qxc5 Bb6 22. Qh5 a6 23. e5 Qf4 24. g3 Qb4 25. Nc4 Rxd3 0-1

[Event "Revelion"]
[Site "?"]
[Date "1999.??.??"]
[Round "?"]
[White "Gilea, Lucian"]
[Black "Manu, Alina"]
[Result "1-0"]
[WhiteElo "1785"]
[BlackElo "2005"]
[PlyCount "79"]
[EventDate "1999.??.??"]
[Source "b/signature.htm"]
[SourceDate "3188127.01.02"]

1. d4 d6 2. Nf3 Nd7 3. Bf4 Ngf6 4. h3 g6 5. e3 Bg7 6. Be2 O-O 7. O-O Nh5 8. Bh2
e5 9. c4 Qe7 10. Nc3 c6 11. b4 f5 12. Rb1 f4 13. Qc2 fxe3 14. fxe3 exd4 15.
exd4 Nf4 16. Kh1 Nxe2 17. Nxe2 Nf6 18. Rbc1 Bf5 19. Qb3 Kh8 20. Ng3 Ne4 21.
Nxe4 Bxe4 22. c5 d5 23. Bd6 Qd7 24. Bxf8 Rxf8 25. Ne5 Rxf1+ 26. Rxf1 Bxe5 27.
dxe5 Qe6 28. Qg3 Bf5 29. Kh2 Kg7 30. Re1 Be4 31. Qf4 Qf5 32. Rf1 Qxf4+ 33. Rxf4
Bf5 34. g4 Be6 35. Rf6 Bg8 36. Kg3 d4 37. Kf4 Bd5 38. h4 d3 39. Ke3 Bc4 40. g5
1-0

[Event "Revelion"]
[Site "?"]
[Date "1999.??.??"]
[Round "?"]
[White "Gilea, Lucian"]
[Black "Petrescu, Georgian-Dorin"]
[Result "1-0"]
[WhiteElo "1785"]
[BlackElo "2245"]
[PlyCount "99"]
[EventDate "1999.??.??"]
[Source "b/signature.htm"]
[SourceDate "3188127.01.02"]

1. d4 Nf6 2. Nf3 g6 3. Bf4 d6 4. h3 Bg7 5. e3 O-O 6. Be2 Nbd7 7. c4 c6 8. Nc3
a6 9. O-O b5 10. b4 bxc4 11. Bxc4 Nb6 12. Bb3 a5 13. bxa5 Rxa5 14. Qd2 Ba6 15.
Rfc1 Nc4 16. Qc2 Nh5 17. Bh2 d5 18. Bxc4 Bxc4 19. g4 Nf6 20. Ne5 Qa8 21. Nxc4
dxc4 22. Ne4 Nxe4 23. Qxe4 c5 24. Qxa8 Rfxa8 25. Rxc4 cxd4 26. exd4 Rd5 27. a4
Bxd4 28. Ra2 e5 29. Kg2 f5 30. g5 f4 31. Kf3 Rd7 32. Ke4 Kf7 33. Bxf4 Bxf2 34.
Bxe5 Be1 35. Rc7 Ke6 36. Rc6+ Ke7 37. Rc5 Bd2 38. Bf6+ Kf7 39. a5 Bb4 40. Rb5
Re8+ 41. Re5 Rxe5+ 42. Bxe5 Ra7 43. a6 Ke6 44. Bd4 Ra8 45. a7 Kd6 46. Ra6+ Kc7
47. Rf6 Re8+ 48. Kd3 Rd8 49. Kc4 Bd6 50. Bb6+ 1-0

[Event "Revelion"]
[Site "?"]
[Date "1999.??.??"]
[Round "?"]
[White "Gilea, Lucian"]
[Black "Seder, Nicolae"]
[Result "1-0"]
[WhiteElo "1785"]
[BlackElo "2295"]
[PlyCount "73"]
[EventDate "1999.??.??"]
[Source "b/signature.htm"]
[SourceDate "3188127.01.02"]

1. d4 Nf6 2. Nf3 b5 3. Bf4 Bb7 4. e3 a6 5. h3 e6 6. c4 b4 7. Nbd2 a5 8. Bd3 c5
9. O-O d6 10. a3 Be7 11. axb4 axb4 12. Rxa8 Bxa8 13. dxc5 dxc5 14. Bxb8 Qxb8
15. Qa4+ Kf8 16. Ra1 Bb7 17. Qa7 Qc8 18. e4 g6 19. e5 Nd7 20. Be4 Bc6 21. Rd1
Nb8 22. Bxc6 Nxc6 23. Qb6 Kg7 24. Ne4 Nb8 25. Nd6 Qc6 26. Qa7 Bxd6 27. Rxd6 Qe4
28. Qxf7+ Kxf7 29. Ng5+ Ke7 30. Rxe6+ Kd7 31. Rd6+ Kc7 32. Nxe4 Nd7 33. f4 Ra8
34. b3 Ra1+ 35. Kf2 g5 36. Nxg5 Nb6 37. Ne6+ 1-0

[Event "?"]
[Site "?"]
[Date "1997.??.??"]
[Round "?"]
[White "Gilea, Lucian"]
[Black "Catoiu, Adrian"]
[Result "1-0"]
[WhiteElo "1710"]
[BlackElo "2095"]
[PlyCount "99"]
[Source " during import"]
[SourceDate "2129920.??.??"]

{4/6} 1. d4 d5 2. Nf3 Nf6 3. Bg5 Nbd7 4. Nbd2 c6 5. c3 Qc7 6. e3 e6 7. Bd3 Bd6
8. e4 dxe4 9. Nxe4 Nxe4 10. Bxe4 h6 11. Bd2 Nf6 12. Bd3 Bd7 13. O-O g5 14. Re1
O-O-O 15. c4 Be8 16. g3 Rg8 17. Bc3 Be7 18. b4 g4 19. Ne5 Nd7 20. Nxd7 Bxd7 21.
d5 h5 22. c5 Bxc5 23. bxc5 cxd5 24. Qd2 Bc6 25. Bf6 Rd7 26. Bh7 Re8 27. Qd4 Qa5
28. a4 Kb8 29. Reb1 Ka8 30. Rb4 e5 31. Bxe5 Rde7 32. Bd6 Re1+ 33. Rxe1 Rxe1+
34. Kg2 Re6 35. Bd3 f6 36. Bf4 a6 37. Bd2 Qc7 38. Bf4 Qd7 39. Bf5 Qe7 40. Bxe6
Qxe6 41. Rb3 Qe4+ 42. Qxe4 dxe4 43. a5 f5 44. Rb6 Ka7 45. Rxc6 bxc6 46. Kf1 Kb7
47. Ke2 Kc8 48. Ke3 Kd7 49. Kd4 Ke6 50. Bg5 1-0

[Event "?"]
[Site "?"]
[Date "1997.??.??"]
[Round "?"]
[White "Haramuz, Silviu"]
[Black "Gilea, Lucian"]
[Result "0-1"]
[WhiteElo "1640"]
[BlackElo "1710"]
[PlyCount "88"]

{8/6} 1. e4 Nc6 2. d4 d5 3. e5 Bf5 4. c3 f6 5. f4 fxe5 6. fxe5 e6 7. Nf3 Qd7 8.
Bd3 Nge7 9. Na3 Bxd3 10. Qxd3 h6 11. Nc2 O-O-O 12. Bd2 Nf5 13. b4 Be7 14. a4
Rdf8 15. a5 Bh4+ 16. Kd1 Bd8 17. b5 Nb8 18. Nb4 Be7 19. Kc2 g5 20. g4 Ng7 21.
h4 h5 22. hxg5 hxg4 23. Nh4 c5 24. bxc6 bxc6 25. Na6 Nxa6 26. Qxa6+ Qb7 27.
Qxb7+ Kxb7 28. Rhb1+ Kc7 29. Ng6 Rf2 30. Rf1 Rxf1 31. Rxf1 Re8 32. Nxe7 Rxe7
33. Rg1 Nf5 34. Rxg4 Rg7 35. Kd3 c5 36. dxc5 Kc6 37. Rb4 Kxc5 38. a6 Kc6 39.
Ke2 Ng3+ 40. Kd3 Ne4 41. Rb7 Nc5+ 42. Ke3 Nxb7 43. axb7 Rxb7 44. Kf3 a5 0-1

[Event "Sovata,R.5/6"]
[Site "?"]
[Date "1997.??.??"]
[Round "?"]
[White "Chiricuta, Marius"]
[Black "Gilea, Lucian"]
[Result "1-0"]
[WhiteElo "2255"]
[BlackElo "1710"]
[PlyCount "51"]
[EventDate "1997.??.??"]
[EventType "team"]
[Source " during import"]
[SourceDate "2129920.??.??"]

{5/6} 1. e4 d6 2. d4 g6 3. f4 Bg7 4. Nf3 Nf6 5. Nc3 O-O 6. e5 Ng4 7. h3 Nh6 8.
g4 d5 9. f5 f6 10. e6 gxf5 11. Bxh6 Bxh6 12. gxf5 Kh8 13. Rg1 Rg8 14. Rxg8+
Kxg8 15. Nd2 c6 16. Qh5 Qf8 17. O-O-O b6 18. Be2 Na6 19. Rg1+ Kh8 20. Kd1 Bb7
21. Nf3 Be3 22. Rg6 Nc7 23. Nh4 Ne8 24. Rg4 Bh6 25. Bd3 Nd6 26. Ne2 1-0

[Event "Sovata,R.9/6"]
[Site "?"]
[Date "1997.??.??"]
[Round "?"]
[White "Gilea, Lucian"]
[Black "Grigore, Nicolae Petre"]
[Result "0-1"]
[WhiteElo "1710"]
[BlackElo "2255"]
[PlyCount "62"]
[EventDate "1997.??.??"]
[EventType "team"]
[Source "ECA}"]
[SourceDate "3454752.10.09"]

{9/6} 1. d4 d6 2. Nf3 Nf6 3. h3 g6 4. Bf4 Bg7 5. c4 O-O 6. Nc3 Nbd7 7. e3 a6 8.
Be2 c5 9. O-O b6 10. a3 Bb7 11. b4 Rc8 12. bxc5 bxc5 13. Qb3 Rb8 14. Qd1 Qa5
15. Nb1 Ne4 16. Qc2 e5 17. dxe5 dxe5 18. Bh2 Bc6 19. Nfd2 Nxd2 20. Nxd2 Ba4 21.
Qa2 Rb6 22. Rab1 Rfb8 23. Rxb6 Rxb6 24. Rb1 Rxb1+ 25. Nxb1 Qe1+ 26. Bf1 e4 27.
Nd2 f5 28. Nb3 Qd1 29. Na5 Bc2 30. f4 Bc3 31. Nc6 Bd3 0-1

[Event "?"]
[Site "?"]
[Date "????.??.??"]
[Round "?"]
[White "Gilea, Lucian"]
[Black "Tincu, Radu Laurentiu"]
[Result "1-0"]
[WhiteElo "2241"]
[BlackElo "2222"]
[PlyCount "74"]

1. d4 Nf6 2. Nf3 e6 3. Bg5 Be7 4. Nbd2 d5 5. e3 O-O 6. Bd3 c5 7. c3 Nbd7 8. O-O
b6 9. Ne5 Nxe5 10. dxe5 Nd7 11. Bf4 f5 12. exf6 Bxf6 13. Bg3 Qe7 14. e4 Bb7 15.
Re1 Qf7 16. Qa4 g6 17. exd5 Bxd5 18. Bb5 Ne5 19. Ne4 a6 20. Nxf6+ Qxf6 21. Rxe5
axb5 22. Qxb5 Bxa2 23. Rae1 Rfe8 24. c4 Qf7 25. h4 Ra7 26. h5 Qd7 27. Qxb6 Bxc4
28. hxg6 hxg6 29. Qxc5 Rc7 30. Qe3 Rb7 31. Qg5 Bd3 32. R5e3 Bf5 33. Be5 Qe7 34.
Bf6 Qh7 35. g4 Bc2 36. Kg2 Qd7 37. Rh1 Qc6+ 1-0

[Event "?"]
[Site "?"]
[Date "????.??.??"]
[Round "?"]
[White "Gilea, Lucian"]
[Black "Valceanu, Ioan Mihai "]
[Result "1-0"]
[WhiteElo "2241"]
[BlackElo "2090"]
[PlyCount "75"]

1. d4 d5 2. Nc3 Bf5 3. f3 e6 4. e4 Bg6 5. a3 h5 6. Nh3 dxe4 7. fxe4 Nc6 8. Be3
Nf6 9. Nf2 Ng4 10. Nxg4 hxg4 11. Qd2 Qh4+ 12. g3 Qh7 13. Bg2 O-O-O 14. O-O-O
Bc5 15. d5 Bxe3 16. Qxe3 exd5 17. exd5 Rhe8 18. Qf2 Nb8 19. Qxa7 Bxc2 20. d6 c6
21. Rd2 Bb3 22. Qb6 Rxd6 23. Qxb3 Qh6 24. Qc2 Red8 25. Rhd1 Na6 26. Ne4 Rxd2
27. Rxd2 f5 28. Nc3 g6 29. Kd1 Qxh2 30. Rxd8+ Kxd8 31. Qf2 Nc5 32. Qxc5 Qxg2
33. Ne2 Qf1+ 34. Kd2 Qb1 35. Qc2 Qa2 36. Qd3+ Ke7 37. Kc2 Kf7 38. Qd8 1-0

[Event "?"]
[Site "?"]
[Date "????.??.??"]
[Round "?"]
[White "Mihut, Ioan"]
[Black "Gilea, Lucian"]
[Result "0-1"]
[WhiteElo "2147"]
[BlackElo "2241"]
[PlyCount "64"]

1. f4 d5 2. e3 e5 3. fxe5 Nc6 4. Nf3 Bg4 5. d4 f6 6. exf6 Nxf6 7. Bb5 Bd6 8. c4
dxc4 9. Bxc4 a6 10. O-O Qd7 11. Nc3 O-O-O 12. a3 Qf5 13. Be2 Qg6 14. Nh4 Qg5
15. g3 Bh3 16. Ng2 h5 17. e4 Qg6 18. Be3 h4 19. Bf3 hxg3 20. Qe2 gxh2+ 21. Kh1
Nh5 22. Bxh5 Rxh5 23. e5 Nxe5 24. dxe5 Rxe5 25. Rf3 Qh7 26. Qf2 g5 27. Rf1 g4
28. Rf7 Qh5 29. Bd4 g3 30. Qc2 Re6 31. Rh7 Qg4 32. Qd1 Bxa3 0-1

[Event "?"]
[Site "?"]
[Date "????.??.??"]
[Round "?"]
[White "Sarbu, Raul Mihai"]
[Black "Gilea, Lucian"]
[Result "0-1"]
[WhiteElo "2109"]
[BlackElo "2241"]
[PlyCount "104"]

1. d4 Nf6 2. e3 b6 3. Bd3 Bb7 4. Nf3 c5 5. Nbd2 g6 6. O-O Bg7 7. Qe2 O-O 8. c3
d6 9. b3 Nbd7 10. Bb2 e5 11. dxe5 dxe5 12. e4 Qc7 13. Rad1 Rad8 14. Rfe1 Rfe8
15. Bc4 h6 16. h3 Nf8 17. g3 Bc6 18. a4 Qd7 19. Bb5 Re7 20. Bxc6 Qxc6 21. Qc4
g5 22. b4 Qxa4 23. Ra1 Qc2 24. Ba3 Rxd2 25. Nxd2 Qxd2 26. bxc5 Re8 27. Rad1 Qc2
28. Rc1 b5 29. Qxb5 Qa2 30. Bb4 Qe6 31. Kg2 h5 32. Rcd1 h4 33. Rd6 Qc8 34. Red1
Nxe4 35. R6d3 Nf6 36. c6 e4 37. Bxf8 Kxf8 38. Rd6 g4 39. Qc5 gxh3+ 40. Kh1 Kg8
41. Qg5 e3 42. Rxf6 e2 43. Re1 Qd8 44. Rf5 Qd1 45. Qc1 Qxc1 46. Rxc1 e1=Q+ 47.
Rxe1 Rxe1+ 48. Kh2 hxg3+ 49. fxg3 Re7 50. Kxh3 Rc7 51. Rc5 Kf8 52. Kg4 Ke7 0-1

[Event "?"]
[Site "?"]
[Date "????.??.??"]
[Round "2"]
[White "Moldovan , Daniel"]
[Black "Gilea, Lucian"]
[Result "1-0"]
[WhiteElo "2447"]
[BlackElo "2251"]
[PlyCount "34"]

1. e4 c5 2. Nf3 Nc6 3. Bb5 a6 4. Bxc6 bxc6 5. O-O d5 6. d3 g6 7. Nc3 Bg7 8. Re1
c4 9. exd5 cxd5 10. dxc4 dxc4 11. Qe2 Nf6 (11... Bg4 12. Qe4 Nf6) 12. Bf4 O-O
13. Qxe7 Qb6 (13... Qxe7 14. Rxe7 Be6 15. Rd1 Rfe8) 14. Be5 Ng4 15. Bxg7 Qxf2+
16. Kh1 Kxg7 17. h3 Nf6 1-0

[Event "?"]
[Site "?"]
[Date "????.??.??"]
[Round "3"]
[White "Levay, Sorin Sebastian"]
[Black "Gilea, Lucian"]
[Result "1-0"]
[WhiteElo "2292"]
[BlackElo "2241"]
[PlyCount "59"]

1. e4 c5 2. Nf3 e6 3. d3 Nc6 4. g3 d5 5. Qe2 dxe4 6. dxe4 e5 7. c3 b6 8. a4 Bb7
9. Bg2 Nf6 10. O-O Qc7 11. Na3 Rd8 12. Bg5 Be7 13. Nb5 Qb8 14. Nh4 h6 15. Be3
O-O 16. Nf5 a6 17. Na3 Bc8 18. f4 Rfe8 19. Nc4 Bf8 20. fxe5 Nxe5 21. Nxh6+ gxh6
22. Rxf6 Bg4 23. Qf1 Nxc4 24. Qxc4 Re6 25. Rxe6 Bxe6 26. Qxa6 h5 27. Qe2 h4 28.
Bf4 Bd6 29. e5 Be7 30. Qh5 1-0